书目信息 |
| 题名: |
绝代美人:西施
|
|
| 作者: | 熊文祥 著 | |
| 分册: | ||
| 出版信息: | 武汉 武汉大学出版社 1995.11 |
|
| 页数: | 303页 | |
| 开本: | 32开 | |
| 丛书名: | ||
| 单 册: | ||
| 中图分类: | K828.25 | |
| 科图分类: | ||
| 主题词: | 人物--传记--中国 | |
| 电子资源: | ||
| ISBN: | 7-307-02014-9 | |
| 000 | 00548nam0 2200193 45 | |
| 001 | 0012150882 | |
| 005 | 20001215084438.9 | |
| 010 | @a7-307-02014-9@d15.80元 | |
| 100 | @a20001215d1995 km y0chiy0120 ea | |
| 101 | 0 | @achi |
| 105 | @a z 000yy | |
| 200 | 1 | @a绝代美人:西施@AJue Dai Mei Ren:Xi Shi@f熊文祥著@FXiong Wen Xiang Zhu |
| 210 | @a武汉@c武汉大学出版社@d1995.11 | |
| 215 | @a303页@d32开 | |
| 606 | 0 | @a人物@x传记@x中国 |
| 690 | @aK828.25@v3 | |
| 701 | 0 | @a熊文祥@4著 |
| 801 | @aCN@bPftUser@c20001215 | |
| 905 | @b65493-495@dK828.25@eX901@f3 | |
| 绝代美人:西施/熊文祥著.-武汉:武汉大学出版社,1995.11 |
| 303页;32开 |
| ISBN 7-307-02014-9:15.80元 |
| ● |
| 相关链接 |
|
|
|
正题名:绝代美人:西施
索取号:K828.25/X901
 
预约/预借
| 序号 | 登录号 | 条形码 | 馆藏地/架位号 | 状态 | 备注 |
| 1 | 65493 | 200654933 | 社科库309/309社科库 60排1列3层/ [索取号:K828.25/X901] | 在馆 | |
| 2 | 65494 | 200654942 | 社科库309/309社科库 60排1列3层/ [索取号:K828.25/X901] | 在馆 | |
| 3 | 65495 | 200654951 | 社科二线400B/309社科库 60排1列3层/ [索取号:K828.25/X901] | 在馆 |